Maharashtra/ (Record no. 11471)
[ view plain ]
| 000 -LEADER | |
|---|---|
| fixed length control field | 02586 a2200361 4500 |
| 005 - DATE AND TIME OF LATEST TRANSACTION | |
| control field | 2009042401561.0 |
| 008 - FIXED-LENGTH DATA ELEMENTS--GENERAL INFORMATION | |
| fixed length control field | 090424t xxu||||| |||| 00| 0 eng d |
| 010 ## - LCCN (DPL NO) | |
| LC control number | ENG-89846 B-309693-697 |
| 020 ## - INTERNATIONAL STANDARD BOOK NUMBER | |
| International Standard Book Number | 8123749617 |
| Terms of availability | 100.00 |
| 035 ## - SYSTEM CONTROL NUMBER | |
| System control number | EN-73379 |
| 035 ## - SYSTEM CONTROL NUMBER | |
| System control number | B-309693-697 |
| 035 ## - SYSTEM CONTROL NUMBER | |
| System control number | B-358521 |
| 037 ## - SOURCE OF ACQUISITION | |
| Source of stock number/acquisition | DBAD / PUB |
| 037 ## - SOURCE OF ACQUISITION | |
| Source of stock number/acquisition | North India Publishers |
| 082 ## - DEWEY DECIMAL CLASSIFICATION NUMBER | |
| Classification number | 954.41 |
| 100 ## - MAIN ENTRY--PERSONAL NAME | |
| Personal name | Sadhu, Arun |
| 245 ## - TITLE STATEMENT | |
| Title | Maharashtra/ |
| Statement of responsibility, etc | by Arun Sadhu |
| 260 ## - PUBLICATION, DISTRIBUTION, ETC. (IMPRINT) | |
| Place of publication, distribution, etc | New Delhi |
| Name of publisher, distributor, etc | National Book Trust, India |
| Date of publication, distribution, etc | 2007 |
| 270 ## - ADDRESS | |
| Address | A-5, Green Park |
| City | New Delhi |
| State or province | New Delhi |
| Postal code | 110 016 |
| 300 ## - PHYSICAL DESCRIPTION | |
| Extent | viii,276p. |
| Dimensions | 22 cm. (pbk) |
| 490 ## - SERIES STATEMENT | |
| Series statement | India-the land and the people |
| 500 ## - GENERAL NOTE | |
| General note | Includes bibliographical references & index. |
| 942 ## - ADDED ENTRY ELEMENTS (KOHA) | |
| Institution code [OBSOLETE] | dpl |
| Item type | English Books |
| Call number prefix | 954.41 / SAD |
| Source of classification or shelving scheme | Dewey Decimal Classification |
| Classification part | 954.41 |
| Call number suffix | SAD |
| Withdrawn status | Lost status | Source of classification or shelving scheme | Damaged status | Not for loan | Home library | Current library | Date acquired | Cost, normal purchase price | Total Checkouts | Barcode | Date last seen | Cost, replacement price | Koha item type | Collection code | Source of acquisition | Full call number | Copy number | Checked out |
|---|---|---|---|---|---|---|---|---|---|---|---|---|---|---|---|---|---|---|
| Dewey Decimal Classification | Central Library | Central Library | 24/04/2009 | 100.00 | B-309693 | 24/04/2009 | 100.00 | English Books | Non-fiction | North India Publishers /N333/08/31.12.08/244/12.12.08/7.1.09 | 954.41 SAD | 1 | ||||||
| Dewey Decimal Classification | Andrews Gunj | D.B.Act.Division | 01/10/2008 | 100.00 | EN-73379 | 15/09/2008 | 100.00 | English Books | ||||||||||
| Dewey Decimal Classification | Sarojini Nagar | Janak Puri | 24/04/2009 | 100.00 | 2 | B-309695 | 01/02/2014 | 100.00 | English Books | Non-fiction | North India Publishers /N333/08/31.12.08/244/12.12.08/7.1.09 | 954.41 SAD | 1 | 15/02/2014 | ||||
| Dewey Decimal Classification | Janak Puri | Janak Puri | 19/09/2009 | 100.00 | 2 | B-358521 | 24/01/2015 | 100.00 | English Books | Non-fiction | Bharat Pustak Bhandar/BPB63/09/14.9.09/99/4.9.09/16.9.09 | 954.41 SAD | 1 | |||||
| Dewey Decimal Classification | Karol Bagh | Karol Bagh | 24/04/2009 | 100.00 | B-309696 | 24/04/2009 | 100.00 | English Books | Non-fiction | North India Publishers /N333/08/31.12.08/244/12.12.08/7.1.09 | 954.41 SAD | 1 | ||||||
| Dewey Decimal Classification | Patel Nagar | Patel Nagar | 24/04/2009 | 100.00 | B-309694 | 24/04/2009 | 100.00 | English Books | Non-fiction | North India Publishers /N333/08/31.12.08/244/12.12.08/7.1.09 | 954.41 SAD | 1 | ||||||
| Dewey Decimal Classification | Shahdara Branch | Shahdara Branch | 24/04/2009 | 100.00 | 2 | B-309697 | 02/01/2020 | 100.00 | English Books | Non-fiction | North India Publishers /N333/08/31.12.08/244/12.12.08/7.1.09 | 954.41 SAD | 1 |
